Bayes and Empirical Bayes methods for data analysis / (رقم التسجيلة. 609)
[ عرض عادي ]
| 000 -الفاتح | |
|---|---|
| حقل البيانات ثابتة الطول | 01327cam a22003134a 4500 |
| 001 - رقم الضبط | |
| رقم الضبط | 11958777 |
| 003 - محدد رقم الضبط | |
| رقم الضبط | OSt |
| 005 - وقت وتاريخ اخر تعامل مع التسجيلة | |
| رقم الضبط | 20150408113721.0 |
| 008 - عناصر البيانات ثابتة الطول - معلومات عامة | |
| حقل البيانات ثابتة الطول | 000330s2000 fluab b 001 0 eng |
| 010 ## - رقم ضبط مكتبة الكونجرس | |
| رقم ضبط مكتبة الكونجرس | 00038242 |
| 020 ## - الرقم الدولى المعيارى للكتب | |
| الرقم الدولى المعيارى للكتاب | 1584881704 (acidfree paper) |
| 040 ## - مصدر الفهرسة | |
| وكالة الفهرسة الأصلية | DLC |
| وكالة النسخ | DLC |
| وكالة التعديل | DLC |
| 042 ## - رمز التحقق | |
| رمز التحقق | pcc |
| 050 00 - رقم طلب مكتبة الكونجرس | |
| رقم التصنيف | QA279.5 |
| رقم المادة | .C36 2000 |
| 082 00 - رقم تصنيف ديوى العشرى | |
| رقم التصنيف | 519.542 |
| رقم الطبعة | 21 |
| 100 1# - المدخل الرئيسى - إسم شخصى | |
| الإسم الشخصى | Carlin, Bradley P. |
| 9 (RLIN) | 5615 |
| 245 10 - بيان العنوان | |
| العنوان | Bayes and Empirical Bayes methods for data analysis / |
| بيان المسئوليه,etc | Bradley P. Carlin and Thomas A. Louis. |
| 250 ## - بيان الطبعة | |
| بيان الطبعة | 2nd ed. |
| 260 ## - PUBLICATION, DISTRIBUTION, ETC. (IMPRINT) | |
| مكان الناشر او الموزع | Boca Raton : |
| اسم الناشر او الموزع | Chapman & Hall/CRC, |
| تاريخ النشر أو التوزيع | c2000. |
| 300 ## - الوصف المادى | |
| التعداد | xvii, 419 p. : |
| تفاصيل ماديه اخرى للوعاء | ill., maps ; |
| أبعاد الوعاء | 24 cm. |
| 490 1# - بيان السلسلة | |
| عنوان السلسلة | Chapman & Hall/CRC texts in statistical science series |
| 504 ## - تبصرة ببليوجرافية | |
| تبصرة ببليوجرافية,الخ | Includes bibliographical references (p. 381-406) and indexes. |
| 650 #0 - المدخل الاضافى بالموضوع-مصطلح موضوعى | |
| مصطلح موضوعي أو اسم جغرافي كعنصر مدخل | Bayesian statistical decision theory. |
| 9 (RLIN) | 3513 |
| 700 1# - المدخل الاضافى - اسم شخصى | |
| الإسم الشخصى | Louis, Thomas A., |
| التواريخ المصاحبة للاسم | 1944- |
| 9 (RLIN) | 5616 |
| 830 #0 - المدخل الاضافى بالسلسلة -عنوان موحد | |
| عنوان موحد | Texts in statistical science. |
| 9 (RLIN) | 4666 |
| 856 42 - الوصول و الموقع الالكترونى | |
| مواد محددة | Publisher description |
| معرف المصدر الموحد | <a href="http://www.loc.gov/catdir/enhancements/fy0646/00038242-d.html">http://www.loc.gov/catdir/enhancements/fy0646/00038242-d.html</a> |
| 942 ## - عناصر المدخل الإضافي( كوها) | |
| مصدر التصنيف او مخطط الترفيف | Dewey Decimal Classification |
| Koha [default] item type | كتاب |
| حالة الفقد | نموذج السعر الفعال | حالة تلف | ليس للاعارة | رقم الطلب | تاريخ الاكتساب | الموقع الحالي | الباركود | الفرع الرئيسي | Date last seen | نوع المادة فى نظام كوها | مصدر التصنيف او خطة الترفيف | Total Checkouts |
|---|---|---|---|---|---|---|---|---|---|---|---|---|
| 2013-03-10 | 519.542 C B B | 2011-10-26 | المكتبة المركزية بالمجمعة (CL) | 00050183 | المكتبة المركزية بالمجمعة (CL) | 2013-03-10 | كتاب | Dewey Decimal Classification | ||||
| 2013-03-10 | 519.542 C B B | 2011-10-26 | المكتبة المركزية بالمجمعة (CL) | 00050184 | المكتبة المركزية بالمجمعة (CL) | 2013-03-10 | كتاب | Dewey Decimal Classification | ||||
| 2013-03-10 | 519.542 C B B | 2011-10-26 | المكتبة المركزية بالمجمعة (CL) | 00050185 | المكتبة المركزية بالمجمعة (CL) | 2013-03-10 | كتاب | Dewey Decimal Classification | ||||
| 2013-03-10 | 519.542 C B B | 2011-10-26 | المكتبة المركزية بالمجمعة (CL) | 00050186 | المكتبة المركزية بالمجمعة (CL) | 2013-03-10 | كتاب | Dewey Decimal Classification | ||||
| 2013-03-10 | 519.542 C B B | 2011-10-26 | المكتبة المركزية بالمجمعة (CL) | 00050187 | المكتبة المركزية بالمجمعة (CL) | 2013-03-10 | كتاب | Dewey Decimal Classification |
